000 00420nam a2200157Ia 4500
003 LK-CoDNM
008 010623t1983 xxu||||| |||| 00| 1 eng d
040 _aLK-CoDNM
_dLK-CoDNM
_eLK-CoDNM
041 _aeng
080 _a(x)378.4 SRI
245 _aHand book 1983 : universities of Sri Lanka
260 _bUniversity Grants Commission
_aSri Lanka
_c1983
300 _b284, 24.5 cm
650 _aEducation
942 _cBK
999 _c112121
_d112121